Women & men in Sri Lanka. (Record no. 81)
[ view plain ]
| 000 -LEADER | |
|---|---|
| fixed length control field | 00452nam a2200157 a 4500 |
| 001 - CONTROL NUMBER | |
| control field | 4012645 |
| 005 - DATE AND TIME OF LATEST TRANSACTION | |
| control field | 20231126235516.0 |
| 008 - FIXED-LENGTH DATA ELEMENTS--GENERAL INFORMATION | |
| fixed length control field | 960321s1995 ce ab f000 0 eng |
| 020 ## - INTERNATIONAL STANDARD BOOK NUMBER | |
| ISBN | 9555771472 |
| 040 ## - CATALOGING SOURCE (பட்டியலாக்க மூலம்) | |
| Original cataloging agency | DLC |
| Transcribing agency | DLC |
| 082 ## - DDC Classification | |
| DDC Edition Number | 22 |
| Class No. | 305.4 |
| 245 00 - TITLE STATEMENT | |
| Title | Women & men in Sri Lanka. |
| 260 ## - PUBLICATION, DISTRIBUTION, ETC. | |
| Place of publication, distribution, etc. | Sri Lanka : |
| Name of publisher, distributor, etc. | Dept. of Census and Statistics, Ministry of Finance, Planning, Ethnic Affairs & National Integration, |
| Date of publication, distribution, etc. | 1995. |
| 300 ## - PHYSICAL DESCRIPTION | |
| Extent (e.g. Volumes, Pages etc.) | 101 p. : |
| 942 ## - Koha item type (Biblio) | |
| Koha item type | Books in Stacks (Lending) |
| Lost status | Damaged status | Collection code | Home library | Current library | Date acquired | Full call number | Accession Number | Item type |
|---|---|---|---|---|---|---|---|---|
| Lending | WERC Library | WERC Library | 11/27/2023 | 305.4 | 3898 | Books in Stacks (Lending) |
